00776cam a2200241u 450000100060000000300080000600500170001400800390003103500190007004000240008904100080011308200180012110000250013924500540016426000310021830000210024961000360027065000270030665100540033394200120038799900170039995201180041625300BD-RjUL20211209050847.0140316s1947 pk 000 0 eng a(BD-RjUL)25369 aDLCcCarPdDLCbeng aeng a954bMEW 19471 aMehtar, M. A.97780610aWhys of the great Indian conflict /cM. A. Mehtar aLahore :bM. Ashraf,c1947 a226 p. ;c22 cm.20aAll-India Muslim League.977810 0aMuslimszIndia.977808 0aIndiaxPolitics and governmenty1919-1947.977809 2ddccBK c25300d25300 00102ddc40728NFICaRUCLbRUCLcReadingd2014-03-16l0o954 MEW 1947r2014-03-16 00:00:00tC-1w2014-03-16yBK